000 00334nam a22001457a 4500
020 _a1-9043-5161-1
082 _a823
_bHOR/BHORSLEY, LORRAINE
100 _aHORSLEY, LORRAINE
245 _aBUILDING SITE
260 _aUK
_bLADYBIRD
300 _a29
520 _aENGLISH SHORT STORY
650 _aENGLISH SHORT STORY
_zUK
942 _cBK
999 _c4918
_d4918